Logo Identification #1 - English version - Statistics

General Stats
  • This quiz has been taken 36 times
  • The average score is 9 of 14
Answer Stats
Picture Answer % Correct
Netflix
100%
Xbox
97%
Lego
89%
Android
86%
Mitsubishi
74%
Chanel
71%
Guinness
69%
Ralph Lauren
66%
Rolling Stones
66%
South Park
51%
Mortal Kombat
49%
Lord of the Rings
46%
British Airways
43%
QuikSilver
37%
No matching quizzes found
Score Distribution
Percent of People with Each Score
Percentile by Number Answered
Your Score History
You have not taken this quiz